00897nam a22001815i 4500001000700000003000900007005001700016008004100033080001600074100001500090245019400105260004300299300002200342505023100364650003900595650003100634852005000665167751ES-MaACL20250806064056.0971021s1879 sp |||| | spa d a61(035.062)1 aVollet, E.10aGuía práctica para conservar y recobrar la salud, o Tratado completo de medicina y farmacia domésticas al alcance de todo el mundo... : bdividida en tres partes... / cpor E. Vollet. aMadrid : bA. de San Martín, c1879. a445 p. ; c19 cm.8 aContiene: 1ª Parte. Descripción de todas las enfermedades ordenadas por orden alfabético -- 2ª Parte: 1ª Sección. Botánica medicinal ; 2ª Sección. Farmacia doméstica -- 3ª Parte. Nociones de higiene práctica 4aMedicina-vObras de divulgación. 7aPlantas medicinales2embne4 aES-MaACLjB-13454 z- Enc. pasta española